| 000 | 00852cam a2200277 a 4500 | ||
|---|---|---|---|
| 999 |
_c4143 _d4143 |
||
| 001 | 89989 | ||
| 003 | GBCCL | ||
| 005 | 20241126110511.0 | ||
| 008 | 720121s1972 pau b 000 0 eng | ||
| 010 | _a 70171509 | ||
| 020 | _a0800614607 | ||
| 035 | _a(OCoLC)ocm00239965 | ||
| 040 |
_aDLC _cDLC |
||
| 049 |
_aLBBK _aLBBT |
||
| 050 | 0 | 0 |
_aBS1171.2 _b.R34 |
| 082 | 0 | 0 |
_a221.66 _bRAS |
| 090 |
_aBS1171.2 _b.R34 |
||
| 100 | 1 |
_aRast, Walter E., _d1930- _97906 |
|
| 245 | 1 | 0 |
_aTradition history and the Old Testament / _cby Walter E. Rast. |
| 260 |
_aPhiladelphia : _bFortress Press, _cc1972. |
||
| 300 |
_axiii, 82 p. ; _c22 cm. |
||
| 490 | 0 | _aGuides to Biblical scholarship. Old Testament series. | |
| 504 | _aIncludes bibliographical references (p. 80-82). | ||
| 630 | 0 | 0 |
_aBible. _pO.T. _xCriticism, interpretation, etc. _91172 |
| 942 |
_2ddc _cBK _06 |
||